Новый метод расчета балок и жестких рамных систем: с 100 чертежами в тексте

Detalles Bibliográficos
Autor Principal: Башинский В. В.
Idioma:ruso
Publicado: Москва, Гостехиздат, 1930
Edición:2-е изд., доп.
Series:Инженерно-промышленная библиотека
Subjects:
Formato: Libro
KOHA link:https://koha.lib.tpu.ru/cgi-bin/koha/opac-detail.pl?biblionumber=220405

MARC

LEADER 00000nam0a2200000 4500
001 220405
005 20231031195409.0
035 |a (RuTPU)RU\TPU\book\240528 
090 |a 220405 
100 |a 20120823d1930 m y0rusy50 ca 
101 0 |a rus 
102 |a RU 
105 |a a z 000zy 
200 1 |a Новый метод расчета балок и жестких рамных систем  |e с 100 чертежами в тексте  |f В. В. Башинский 
205 |a 2-е изд., доп. 
210 |a Москва  |c Гостехиздат  |d 1930 
215 |a 230 с.  |c ил. 
225 1 |a Инженерно-промышленная библиотека 
610 1 |a балки 
610 1 |a рамные системы 
610 1 |a расчет 
675 |a 624.072  |v 3 
700 1 |a Башинский  |b В. В. 
801 1 |a RU  |b 63413507  |c 20120823 
801 2 |a RU  |b 63413507  |c 20120827  |g RCR 
942 |c BK